A Textbook of Human Resource Management (Record no. 4380)

MARC details
005 - DATE AND TIME OF LATEST TRANSACTION
control field 20250619090509.0
020 ## - INTERNATIONAL STANDARD BOOK NUMBER
International Standard Book Number 978-9987-03-025-5
082 ## - DEWEY DECIMAL CLASSIFICATION NUMBER
Classification number 658.3 TUM
100 ## - MAIN ENTRY--PERSONAL NAME
Author name TUMAINI, J. U.
245 ## - TITLE STATEMENT
Title A Textbook of Human Resource Management
260 ## - PUBLICATION, DISTRIBUTION, ETC.
Place of publication, distribution, etc. Dar es salaam
Name of publisher, distributor, etc. Karljamer Print Technology
Date of publication, distribution, etc. 2012
300 ## - PHYSICAL DESCRIPTION
Extent xiv,183p.
Other physical details index
Dimensions 20cm
942 ## - ADDED ENTRY ELEMENTS (KOHA)
Source of classification or shelving scheme Dewey Decimal Classification
Koha item type Books
Holdings
Date last seen Total checkouts Full call number Barcode Cost, replacement price Price effective from Koha item type Lost status Source of classification or shelving scheme Damaged status Not for loan Withdrawn status Home library Current library Shelving location Date acquired Source of acquisition Cost, normal purchase price
06/19/2025   658.3 TUM MZA0001411 30000.00 06/19/2025 Books   Dewey Decimal Classification       CBE Mwanza CBE Mwanza General Collection 07/16/2007 Donation 10000.00
06/19/2025   658.3 TUM MZA0001412 30000.00 06/19/2025 Books   Dewey Decimal Classification       CBE Mwanza CBE Mwanza General Collection 07/16/2007 Donation 10000.00
06/19/2025   658.3 TUM MZA0001413 30000.00 06/19/2025 Books   Dewey Decimal Classification       CBE Mwanza CBE Mwanza General Collection 07/16/2007 Donation 10000.00
06/19/2025   658.3 TUM MZA0001414 30000.00 06/19/2025 Books   Dewey Decimal Classification       CBE Mwanza CBE Mwanza General Collection 07/16/2007 Donation 10000.00
06/19/2025   658.3 TUM MZA0001415 30000.00 06/19/2025 Books   Dewey Decimal Classification       CBE Mwanza CBE Mwanza General Collection 07/16/2007 Donation 10000.00
06/19/2025   658.3 TUM MZA0001416 30000.00 06/19/2025 Books   Dewey Decimal Classification       CBE Mwanza CBE Mwanza General Collection 07/16/2007 Donation 10000.00
06/19/2025   658.3 TUM MZA0001417 30000.00 06/19/2025 Books   Dewey Decimal Classification       CBE Mwanza CBE Mwanza General Collection 07/16/2007 Donation 10000.00
06/19/2025   658.3 TUM MZA0001418 30000.00 06/19/2025 Books   Dewey Decimal Classification       CBE Mwanza CBE Mwanza General Collection 07/16/2007 Donation 10000.00